000 00642cam a22002053a 4500
001 42491
003 PGUSA
005 20140828083949.0
008 130408s2013||||xxu|||||s|||||000 | eng d
040 _aPGUSA
_beng
042 _adc
100 1 _aWilliams, Robert Folkestone,
_d1804-1872
245 1 0 _aLady Eureka, Volume 1 ;
_bor, The Mystery: A Prophecy of the Future
_h[electronic resource] /
_cRobert Folkestone Williams
260 _bProject Gutenberg,
_c2013
506 _aPublic domain in the USA.
516 _aElectronic text
830 0 _aProject Gutenberg
_v42491
856 4 0 _uhttp://www.gutenberg.org/ebooks/42491
942 _cEB
999 _c271743
_d271743